| 000 | 01120cab a2200205 4500 | ||
|---|---|---|---|
| 001 | ##L136291 | ||
| 008 | 070123n2007 000 0 eng u | ||
| 035 | _a(Sirsi) u136291 | ||
| 041 | 0 | _aeng | |
| 100 | 1 | _aDonatantonio, Domenic | |
| 245 | 0 | 4 | _aThe zero-carbon question |
| 260 | _c2007 | ||
| 490 | 0 |
_aConstruction News _v(7001) 18 January 2007, 12-13(2) |
|
| 520 | _aDiscusses the construction industry's reaction to government's new "Code for sustainable homes" (L135998). Argues that the code does not provide a clear definition of a zero-carbon home, and is therefore likely to cause confusion. Also suggests that too much emphasis is placed on new build homes with not enough attention given to the existing housing stock. Calls for clarification on whether a zero-carbon rating should be given on a house by house basis or from community energy sources. Attempts to define a zero-carbon rated home and to explain the star rating system. | ||
| 590 | _aKA | ||
| 650 | 2 | 4 | _aDCLG CODE FOR SUSTAINABLE HOMES |
| 651 | 4 |
_aEngland and Wales _y1543- |
|
| 690 | _aBUILT ENVIRONMENT-BUILDING STANDARDS | ||
| 942 | _n0 | ||
| 999 |
_c78235 _d78235 |
||